elektrownie w pl - Statystyki

Ogólne statystyki
  • Ten quiz został rozwiązany 10 razy
  • Średni wynik to 8 z 37
Statystyki odpowiedzi
typ elektrowni wojewodztwo polozenie elektrownia % Poprawnych
cieplna wb łódzkie bełchatów
100%
fotowoltaika skaskie jaworzno
86%
cieplna wk mazowsze jeszcze nizej kozienice
71%
cieplna wb dolnoslaskie turów
71%
cieplna wb wielkopolskie pątnów
57%
szczytowo-pompowe pomorskie żarnowiec
57%
cieplna wk zach-pom dolna odra
43%
cieplna wk śląskie lewo rybnik
43%
szczytowo-pompowe podkarpacie solina
43%
szczytowo-pompowe zach-pom żydowo
43%
cieplna wk swietokszyskie połaniec
29%
cieplna wk mazowsze trch nizej siekierki
29%
przepływowe kuj-pom włocławek
29%
szczytowo-pompowe lubuskie dychów
14%
cieplna wk śląskie prawo jaworzno III
14%
wiatr pomorskie prawo kopaniewo lotnisko
14%
cieplna wk malopolska kraków-łęg
14%
szczytowo-pompowe małopolskie porąbka żar
14%
geotermalne zach-pom gora stargard
14%
cieplna wk dolnoslaskie wrocław
14%
cieplna wk mazowsze gora wwa żerań
14%
geotermalne malopolskie bańska niżna
0%
fotowoltaika dolnoslaskie bierutów
0%
fotowoltaika zach-pom gora choszczno
0%
fotowoltaika podkarpacie cieszanow
0%
fotowoltaika lubuskie gubin
0%
wiatr wielkopolksie góra klukowo
0%
fotowoltaika podlaskie kolno
0%
wiatr warm-maz korsze
0%
wiatr mazowsze korytnica
0%
wiatr wielkopolskie dol margonin
0%
wiatr pomorskie lewo marszewo
0%
fotowoltaika wielkopolskie ostrzeszów
0%
geotermalne łódzkie poddębica
0%
geotermalne zach-pom dol pyrzyce
0%
przepływowe małopolskie rożnów
0%
fotowoltaika zach-pom dol witnica
0%
Nie znaleziono quizów pasujących do podanych kryteriów
Rozkład punktacji
Procent ludzi z każdym wynikiem
Percentyl według liczby udzielonych odpowiedzi
Twoja historia wyników
Nie rozwiązałeś tego quizu